Arqueología del talento : en busca de los tesoros personales / (Registro nro. 4856)

Detalles MARC
000 -LEADER
fixed length control field 01064nam a2200253Ia 4500
008 - FIXED-LENGTH DATA ELEMENTS--GENERAL INFORMATION
fixed length control field 191128s9999 xx 000 0 und d
020 ## - INTERNATIONAL STANDARD BOOK NUMBER
International Standard Book Number 9788473569910
082 ## - DEWEY DECIMAL CLASSIFICATION NUMBER
Classification number 158 .1
082 ## - DEWEY DECIMAL CLASSIFICATION NUMBER
Item number S151a
100 ## - MAIN ENTRY--PERSONAL NAME
Personal name Sánchez Bayo, Alfonso, autor
245 #0 - TITLE STATEMENT
Title Arqueología del talento : en busca de los tesoros personales /
245 #0 - TITLE STATEMENT
Statement of responsibility, etc. Alberto Sánchez-Bayo
250 ## - EDITION STATEMENT
Edition statement Tercera edición
260 ## - PUBLICATION, DISTRIBUTION, ETC.
Place of publication, distribution, etc. Madrid
260 ## - PUBLICATION, DISTRIBUTION, ETC.
Name of publisher, distributor, etc. ESIC,
260 ## - PUBLICATION, DISTRIBUTION, ETC.
Date of publication, distribution, etc. 2014
300 ## - PHYSICAL DESCRIPTION
Extent 141 p.
300 ## - PHYSICAL DESCRIPTION
Other physical details il. byn., 22 cm.
500 ## - GENERAL NOTE
General note Incluye biografía del autor en solapa
505 ## - FORMATTED CONTENTS NOTE
Formatted contents note El templo perdido -- Desplegando el mapa -- Poniendo rumbo bajo las estrellas -- El brillo del talento -- Tasando mi tesoro -- La aventura de vivir con el talento -- El talento, pozo de la fortuna
520 ## - SUMMARY, ETC.
Summary, etc. Del conjunto de capacidades que constituyen el potencial que poseemos las personas, el talento es probablemente el más valioso a la vez que el mas desconocido.
546 ## - LANGUAGE NOTE
Language note spa
650 ## - SUBJECT ADDED ENTRY--TOPICAL TERM
Topical term or geographic name entry element Psicología aplicada.-- Inteligencia emocional.-- Motivación (Psicología)--
Existencias
Withdrawn status Lost status Materials specified (bound volume or other part) Damaged status Not for loan Collection code Home library Current library Date acquired Total Checkouts Full call number Barcode Date last seen Date last checked out Copy number Price effective from Koha item type
    Donación--15/04/2018--       Biblioteca Pública José María del Castillo y Rada Biblioteca Pública José María del Castillo y Rada 11/28/2019 6 158 .1 S151a 430000794 02/24/2026 02/16/2026 Ej.1 11/28/2019 Books